000 00946cad a22001935a 4500
001 L150373
008 100706e2009 xxk 000 0 eng d
035 _a(Sirsi) u150373
041 0 _aeng
245 0 0 _aAkzo Nobel UK Ltd v Arista Tubes Ltd
260 _c2009
520 _a[2010] EWCA Civ 28, 10 December 2009. Considers whether the effect of a notice to terminate a business purchase agreement can be reversed. Held: the service of a notice to terminate an agreement will terminate its obligations at once unless the agreement provides otherwise.
590 _aKA
650 2 4 _aAKZO NOBEL UK V ARISTA TUBES
651 4 _aEngland and Wales
_y1543-
690 _aPROPERTY-COMMERCIAL PROPERTY-LEASEHOLD COMMERCIAL PROPERTY-COMMERCIAL LANDLORD AND TENANT-COMMERCIAL LEASES-ASSIGNMENT OF COMMERCIAL LEASES
856 4 8 _uhttps://www.bailii.org/ew/cases/EWCA/Civ/2010/28.html
_zView the judgment free of charge at www.bailii.org
942 _n0
999 _c82480
_d82480